00432nam a2200169Ia 4500003000400000005001700004008004100021020001800062040000700080041000800087082001500095100001500110245006100125260004200186300000900228650002500237OSt20250820144725.0250729s2004 xx 000 0 und d a81-207-0086-4 cAL aeng a371.4 KOCE aKochar s K aEducational and vocational guidence in secondary schools aNew DelhibSterling Publicationc2004 a479p aGuidence Counselling